| 000 | 00747cam a2200229 a 4500 | ||
|---|---|---|---|
| 001 | 672102 | ||
| 005 | 20180112074709.0 | ||
| 008 | 950720s1996 maua b 001 0 eng | ||
| 010 | _a 95031348 | ||
| 020 | _a0205169759 | ||
| 040 |
_aDLC _cDLC _dDLC |
||
| 041 | _aeng | ||
| 080 | _a372.64044 ANG | ||
| 082 | 0 | 0 |
_a372.64044 ANG _220 |
| 100 | 1 | _a22 | |
| 101 | _aGJU | ||
| 245 | 1 | 0 |
_aWebbing with literature : _cKaren D'Angelo Bromley. |
| 504 | _aIncludes bibliographical references (p. [253]-296) and index. | ||
| 906 |
_a7 _bcbc _corignew _d1 _eocip _f19 _gy-gencatlg |
||
| 942 |
_2ddc _cBK |
||
| 999 |
_c40217 _d40217 |
||